Lí luận văn học

Αποθηκεύτηκε σε:
Λεπτομέρειες βιβλιογραφικής εγγραφής
Μορφή: Βιβλίο
Γλώσσα:Vietnamese
Έκδοση: H. Đại học sư phạm 2016
Ετικέτες: Προσθήκη ετικέτας
Δεν υπάρχουν, Καταχωρήστε ετικέτα πρώτοι!
Thư viện lưu trữ: Mạng thư viện Đại học Đà Nẵng
LEADER 00939nam a2200241 4500
001 000025325
003 21818
005 20170926140936.0
008 170926s2016 viesd
041 0 |a vie 
245 0 0 |a Lí luận văn học  |c Trần Đình Sử (chủ biên), ... 
260 |a H.  |b Đại học sư phạm  |c 2016 
300 |a 3 tập  |c 21 cm. 
774 |b In lần thứ 6, có bổ sung, sửa chữa.  |d H.  |d Đại học sư phạm  |d 2016  |g Tập 2  |h 439 tr.  |t Tác phẩm và thể loại văn học  |w 21819  |z 978-604-54-2801-6 
774 |a Phương Lựu  |b In lần thứ 6, có bổ sung, sửa chữa.  |d Đại học sư phạm  |d H.  |d 2016  |g Tập 3  |h 343 tr.  |t Tiến trình văn học  |w 21820  |z 978-604-54-2802-3 
OWN |a LSP 
999 |a From the UDN01 
TYP |a Monograph 
TYP |a Printed language 
980 |a Mạng thư viện Đại học Đà Nẵng